| 000 | 00534nam a22001817a 4500 | ||
|---|---|---|---|
| 005 | 20251108175913.0 | ||
| 008 | 250721s2022 xx 000 0 ara d | ||
| 082 | 1 | 4 | _a811.2/صفا |
| 100 | 1 | _aالصفار، ابتسام | |
| 245 | 1 | 0 | _aمالك و متمم ابنا نويره اليربوعي / |
| 264 | 1 |
_aعمان : _bزمزم، _c2022. |
|
| 300 | _a223ص. | ||
| 650 | 1 | 7 | _aالشعر العربي |
| 650 | 1 | 7 | _aعصر صدر الاسلام |
| 650 | 1 | 7 | _aالتحليل الادبي |
| 942 |
_2ddc _cBK |
||
| 999 |
_c145172 _d145172 |
||